000 01421nam a22002897a 4500
003 NALT
005 20251217142154.0
008 s2556 th tha d
020 _a9789744496423
040 _aNALT
041 _atha
050 _aHM 1126
_bค729ก 2556
110 2 _aมูลนิธิเคเธอริ่ง
_920051
245 1 0 _aการประชาเสวนาหาทางออกในระบอบประชาธิปไตย =
_bPublic deliberation in democracy /
_cผู้เขียน มูลนิธิเคเธอริ่ง ; แปลโดย ถวิลวดี บุรีกุล.
246 3 1 _aPublic deliberation in democracy.
250 _aพิมพ์ครั้งที่ 3.
260 _aกรุงเทพฯ :
_bสถาบันพระปกเกล้า,
_c2556.
300 _a18 หน้า ;
_b
_c21 ซม.
650 4 _aการมีส่วนร่วมทางการเมือง
_zไทย
_919909
650 4 _aการบริหารความขัดแย้ง
_919910
_zไทย
650 4 _aประชาธิปไตย
_92054
651 4 _aไทย
_xการเมืองและการปกครอง
_976
700 0 _aถวิลวดี บุรีกุล.
_92407
850 _aNALT
942 _cGB
_2lcc
996 _asaiphon.d
_bCATSTF
_c2025-12-17
999 _c74505
_d74505
998 _j104
_k นางสาวสายฝน ดีงาม